[Event "Girona op 2nd"]
[Site "Girona"]
[Date "2011.07.22"]
[Round "9"]
[White "Gimenez Aguirre, Ismael Alejo"]
[Black "Perez Lopez, Josep Antoni"]
[Result "1-0"]
[WhiteElo "1712"]
[BlackElo "1962"]
[PlyCount "93"]
[EventDate "2011.07.14"]
[EventType "swiss"]
[EventRounds "9"]
[EventCountry "ESP"]
[SourceTitle "CBM 143 Extra"]
[Source "ChessBase"]
[SourceDate "2011.08.29"]
[SourceVersion "1"]
[SourceVersionDate "2011.08.29"]
[SourceQuality "1"]

1. e4 e6 2. d4 d5 3. e5 c5 4. c3 Nc6 5. Nf3 Qc7 6. Bd3 cxd4 7. cxd4 Nb4 8. 0-0 Nxd3 9. Qxd3 f5 10. Nc3 a6 11. Bd2 Ne7 12. Rfc1 Nc6 13. a3 Be7 14. Bg5 0-0 15. Bxe7 Qxe7 16. Na4 Rb8 17. b4 Bd7 18. Nc5 a5 19. b5 Na7 20. a4 b6 21. Na6 Rbc8 22. Qd2 Nxb5 23. axb5 Bxb5 24. Rcb1 Bxa6 25. Rxb6 Bc4 26. Ng5 Rb8 27. Rxe6 Qb7 28. h3 h6 29. Nf3 a4 30. Rg6 f4 31. Rd6 Ba6 32. Ne1 Rbc8 33. Qb2 Qa7 34. Kh2 Qe7 35. Rc1 Qg5 36. Rdc6 Qf5 37. R6c3 Rb8 38. Qa1 Qe4 39. Rc7 Qf5 40. Nf3 Ra8 41. Qa3 Bc4 42. Nd2 f3 43. g3 Qg5 44. Nxc4 dxc4 45. R1xc4 Qd2 46. Rc2 Qxd4 47. Qe7 1-0

[Event "Girona op 2nd"]
[Site "Girona"]
[Date "2011.07.20"]
[Round "7"]
[White "Bonell Gleich, Xavier"]
[Black "Perez Lopez, Josep Antoni"]
[Result "0-1"]
[WhiteElo "1628"]
[BlackElo "1962"]
[PlyCount "44"]
[EventDate "2011.07.14"]
[EventType "swiss"]
[EventRounds "9"]
[EventCountry "ESP"]
[SourceTitle "CBM 143 Extra"]
[Source "ChessBase"]
[SourceDate "2011.08.29"]
[SourceVersion "1"]
[SourceVersionDate "2011.08.29"]
[SourceQuality "1"]

1. e3 e6 2. Nf3 f5 3. d3 Nf6 4. Bd2 Be7 5. Bc3 d6 6. Be2 0-0 7. b3 c6 8. Nbd2 Nd5 9. Bb2 Bf6 10. Bxf6 Qxf6 11. c4 Nc3 12. Qc1 Nxe2 13. Kxe2 Nd7 14. h4 e5 15. Qc3 e4 16. Qxf6 exf3+ 17. gxf3 Nxf6 18. Rhg1 Bd7 19. Rg2 Rae8 20. Rag1 g6 21. f4 Nh5 22. Nf3 Nxf4+ 0-1

[Event "Girona op 1st"]
[Site "Girona"]
[Date "2010.07.20"]
[Round "8"]
[White "Perez Lopez, Josep Antoni"]
[Black "Volkov, Vladimir"]
[Result "1/2-1/2"]
[WhiteElo "2003"]
[BlackElo "1796"]
[PlyCount "71"]
[EventDate "2010.07.13"]
[EventType "swiss"]
[EventRounds "9"]
[EventCountry "ESP"]
[SourceTitle "CBM 137 Extra"]
[Source "ChessBase"]
[SourceDate "2010.09.01"]
[SourceVersion "1"]
[SourceVersionDate "2010.09.01"]
[SourceQuality "1"]

1. e4 e5 2. Nf3 Nf6 3. Nxe5 d6 4. Nf3 Nxe4 5. d3 Nf6 6. d4 d5 7. Bd3 Be7 8. 0-0 0-0 9. Ne5 Re8 10. Nd2 c5 11. c3 Nc6 12. Qc2 c4 13. Bf5 Bd6 14. f4 Ne7 15. Bxc8 Qxc8 16. Ndf3 h6 17. Nh4 Ne4 18. Qe2 f6 19. Ng4 Nf5 20. Nxf5 Qxf5 21. Qf3 Bc7 22. Ne3 Qe6 23. f5 Qf7 24. Ng4 Ng5 25. Bxg5 hxg5 26. Rae1 Rad8 27. Re3 Bf4 28. Rxe8+ Qxe8 29. g3 Bb8 30. Kg2 Qb5 31. Re1 Qxb2+ 32. Re2 Qb5 33. Qe3 Qd7 34. Qf3 Kf7 35. Re6 Qa4 36. Qe2 1/2-1/2

[Event "Girona op 1st"]
[Site "Girona"]
[Date "2010.07.14"]
[Round "2"]
[White "Perez Lopez, Josep Antoni"]
[Black "Cano Egea, Gerard"]
[Result "0-1"]
[WhiteElo "2003"]
[BlackElo "1698"]
[PlyCount "65"]
[EventDate "2010.07.13"]
[EventType "swiss"]
[EventRounds "9"]
[EventCountry "ESP"]
[SourceTitle "CBM 137 Extra"]
[Source "ChessBase"]
[SourceDate "2010.09.01"]
[SourceVersion "1"]
[SourceVersionDate "2010.09.01"]
[SourceQuality "1"]

1. e4 e5 2. Nf3 Nc6 3. d4 exd4 4. Nxd4 Nf6 5. Nxc6 bxc6 6. Bd3 Be7 7. 0-0 0-0 8. e5 Nd5 9. Be4 Bb7 10. c4 Nb6 11. Qc2 h6 12. Rd1 Re8 13. b3 Bc5 14. Bf4 Qe7 15. Nc3 Rad8 16. Qd3 d5 17. exd6 cxd6 18. Qg3 Qf6 19. Bc2 Bd4 20. Rd3 c5 21. Rad1 a6 22. Kf1 Qe6 23. h3 Nc8 24. Nd5 Bxd5 25. cxd5 Qe2+ 26. Kg1 Qxc2 27. Bxh6 Qxf2+ 28. Qxf2 Bxf2+ 29. Kxf2 gxh6 30. Rg3+ Kh7 31. Rf1 Re7 32. Kg1 Rg8 33. Rgf3 0-1